|
|
|
|
| LEADER |
00000nab a2200000 a 4500 |
| 001 |
vtls008695847 |
| 003 |
SK-MaSNL |
| 005 |
20260304215003.0 |
| 008 |
140303c2006 xo wrzp 0 0slo |
| 015 |
|
|
|a SNBRB2006/04
|2 snkbucl
|
| 040 |
|
|
|a SNKBUCL
|b slo
|c SNKBUCL
|e AACR2
|
| 041 |
0 |
|
|a slo
|
| 044 |
|
|
|a xo
|c SK
|
| 080 |
|
|
|a 616.94-08
|2 1997
|
| 100 |
1 |
|
|a Firment, Jozef,
|d 1954-
|4 aut
|9 203848
|
| 245 |
1 |
0 |
|a Ťažká sepsa - prístupy k diagnostike a liečbe v intenzívnej medicíne
|c Jozef Firment
|
| 300 |
|
|
|b Graf, fotogr., tab.
|
| 504 |
|
|
|a Bibliogr. odkazy
|
| 650 |
0 |
7 |
|a sepsa
|2 SNKPH
|9 14471
|
| 650 |
0 |
7 |
|a septický šok
|2 SNKPH
|9 169787
|
| 650 |
0 |
7 |
|a terapia
|2 SNKPH
|9 781
|
| 773 |
0 |
|
|t Zdravotnícke noviny
|g Roč. XI, č. 2 (2006)
|x 1335-4477
|
| 773 |
0 |
8 |
|t Lekárske listy
|g Č. 2 (2006), s. 17-18
|
| 852 |
|
|
|a SNK
|b KIS3GCP
|
| 958 |
|
|
|a ME
|
| 958 |
|
|
|a SK
|
| 958 |
|
|
|a NB
|
| 999 |
|
|
|c 3144137
|d 3146067
|